Język niemiecki. Osoby + odmiana "sein" i "haben" - Statystyki

Ogólne statystyki
  • Ten quiz został rozwiązany 321 razy
  • Średni wynik to 22 z 29
Statystyki odpowiedzi
Polski Deutsh % Poprawnych
Ja Ich
99%
Ty Du
96%
Ona Sie
94%
On Er
93%
My Wir
90%
Ono Es
88%
Oni/one Sie
87%
Wy Ihr
86%
Pan/Pani/Państwo Sie
85%
Ja jestem Ich bin
82%
Ty jesteś Du bist
79%
Być Sein
79%
On jest Er ist
74%
Ona jest Sie ist
74%
Ja mam Ich habe
73%
Ono jest Es ist
72%
Mieć/posiadać Haben
70%
My jesteśmy Wir sind
68%
Ty masz Du hast
66%
On ma Er hat
66%
Ona ma Sie hat
66%
My mamy Wir haben
66%
Ono ma Es hat
64%
Oni/one są Sie sind
64%
Pan/Pani/Państwo jest Sie sind
63%
Wy jesteście Ihr seid
62%
Wy macie Ihr habt
59%
Oni/one mają Sie haben
59%
Pan/Pani/Państwo mają Sie haben
59%
Nie znaleziono quizów pasujących do podanych kryteriów
Rozkład punktacji
Procent ludzi z każdym wynikiem
Percentyl według liczby udzielonych odpowiedzi
Twoja historia wyników
Nie rozwiązałeś tego quizu